|
|
|
|
| LEADER |
00000nab a2200000 a 4500 |
| 001 |
vtls000499788 |
| 003 |
SK-MaSNL |
| 005 |
20260304234012.0 |
| 008 |
120927c1993 xo 0 slo |
| 015 |
|
|
|a SNBRB19rr/mm-uuuuu
|
| 035 |
|
|
|a CL0499926
|
| 040 |
|
|
|a SNKBUCL
|b slo
|c SNKBUCL
|e AACR2
|
| 041 |
0 |
|
|a slo
|
| 044 |
|
|
|a xo
|c SK
|
| 080 |
|
|
|a 78.071.2:784.66
|2 1981
|
| 080 |
|
|
|a 784.66
|2 1981
|
| 100 |
1 |
|
|a Kesovija, Tereza,
|d 1938-
|4 aut
|9 109829
|
| 245 |
1 |
0 |
|a Keď zazvonia dubrovnícke zvony
|b S hosťom našej redakcie - šansoniérkou Terezou Kesovijou
|c Tereza Kesovija, Peter Kubínyi
|
| 300 |
|
|
|b Fotogr. 1
|
| 600 |
1 |
7 |
|a Kesovija, Tereza
|d 1938-
|x rozhovory
|2 snkbucl
|9 1570293
|
| 655 |
|
7 |
|a články z novín a časopisov
|2 snkbucl
|9 267496
|
| 700 |
1 |
|
|a Kubínyi, Peter,
|d 1961-1
|4 aut
|9 114639
|
| 773 |
0 |
|
|t Práca
|g Roč. 48, č. 271 (20. 11. 1993), s. 5
|
| 850 |
|
|
|a Slovenská národná knižnica v Martine
|a MTA001
|
| 852 |
|
|
|a SNK
|b KIS3GCP
|
| 958 |
|
|
|a RK
|
| 992 |
|
|
|a RBX
|
| 999 |
|
|
|c 3201422
|d 3203352
|